Statistics for Katy Perry Discography

Click here to take the quiz!

General Stats

  • This quiz has been taken 53 times
  • The average score is 36 of 72

Answer Stats

HintAnswer% Correct
One Of The BoysHot N Cold
97%
PRISMRoar
97%
Teenage DreamTeenage Dream
97%
Teenage DreamFirework
95%
PRISMDark Horse
92%
One Of The BoysI Kissed A Girl
89%
Teenage DreamCalifornia Gurls
86%
WitnessBon appétit
81%
WitnessSwish Swish
81%
Teenage DreamE.T.
78%
One Of The BoysOne Of The Boys
76%
WitnessWitness
76%
Teenage DreamThe One That Got Away
73%
One Of The BoysWaking Up In Vegas
73%
PRISMBirthday
70%
Teenage DreamPart Of Me
70%
PRISMUnconditionally
70%
Teenage DreamLast Friday Night (T.G.I.F.)
65%
PRISMThis Is How We Do
65%
One Of The BoysUr So Gay
65%
Teenage DreamWide Awake
65%
WitnessChained To The Rhythm
62%
Teenage DreamCircle The Drain
62%
Teenage DreamPeacock
62%
One Of The BoysThinking Of You
62%
PRISMLegendary Lovers
59%
Teenage DreamHummingbird Heartbeat
57%
WitnessHey Hey Hey
54%
PRISMInternational Smile
51%
Teenage DreamPearl
51%
One Of The BoysFingerprints
49%
PRISMGhost
49%
Teenage DreamNot Like The Movies
49%
PRISMWalking On Air
49%
Teenage DreamWho Am I Living For?
49%
PRISMIt Takes Two
46%
One Of The BoysLost
46%
PRISMLove Me
46%
One Of The BoysMannequin
46%
WitnessRoulette
46%
PRISMDouble Rainbow
43%
WitnessSave As Draft
43%
PRISMThis Moment
43%
PRISMBy The Grace Of God
41%
PRISMChoose Your Battles
41%
WitnessMiss You More
41%
WitnessPendulum
41%
One Of The BoysIf You Can Afford Me
38%
One Of The BoysI'm Still Breathing
38%
WitnessPower
38%
WitnessDéjà Vu
35%
Teenage DreamDressin' Up
35%
WitnessInto Me You See
35%
WitnessMind Maze
35%
PRISMSpiritual
35%
WitnessTsunami
35%
WitnessDance With The Devil
32%
WitnessAct My Age
30%
WitnessBigger Than Me
30%
One Of The BoysSelf Inflicted
30%
One Of The BoysA Cup Of Coffee
22%
Katy HudsonSpit
22%
Katy HudsonGrowing Pains
19%
Katy HudsonMy Own Monster
19%
Katy HudsonSearch Me
19%
Katy HudsonFaith Won't Fail
16%
Katy HudsonLast Call
16%
Katy HudsonNaturally
16%
Katy HudsonTrust in Me
16%
Katy HudsonPiercing
14%
Katy HudsonWhen There's Nothing Left
14%
Teenage DreamTommie Sunshine's Megasix Smash-Up
8%

Score Distribution

Percentile by Number Answered

Percent of People with Each Score

Your Score History

You have not taken this quiz